书目信息 |
| 题名: |
运筹学应用案例集
|
|
| 作者: | 胡运权 主编 | |
| 分册: | ||
| 出版信息: | 北京 清华大学出版社 1988.7 |
|
| 页数: | 159页 | |
| 开本: | 26cm | |
| 丛书名: | ||
| 单 册: | ||
| 中图分类: | F224.3 | |
| 科图分类: | ||
| 主题词: | 经济--计算 , 经济数学--方法 | |
| 电子资源: | ||
| ISBN: | 7-302-00201-0 | |
| 000 | 00704nam0 2200253 45 | |
| 001 | 0189025749 | |
| 005 | 20061025171329.85 | |
| 010 | @a7-302-00201-0@dCNY2.55 | |
| 020 | @aCN@b89025749 | |
| 100 | @a19911017d1988 m y0chiy0120 ea | |
| 101 | 0 | @achi |
| 102 | @aCN@b110000 | |
| 105 | @ay z 000yy | |
| 106 | @ar | |
| 200 | 10 | @a运筹学应用案例集@Ayun chou xue ying yong an li ji@f胡运权主编@Fhu yun quan zhu bian |
| 210 | @a北京@c清华大学出版社@d1988.7 | |
| 215 | @a159页@d26cm | |
| 540 | 1 | @a运筹学@Ayun chou xue |
| 606 | 0 | @a经济@x计算 |
| 606 | 0 | @a经济数学@x方法 |
| 690 | @aF224.3 | |
| 701 | 0 | @a胡运权@Ahu yun quan@4主编 |
| 801 | 0 | @aCN@bNLC@c20061025 |
| 905 | @f4@b238497-500@dF224.3@e98 | |
| 运筹学应用案例集/胡运权主编.-北京:清华大学出版社,1988.7 |
| 159页;26cm |
| ISBN 7-302-00201-0:CNY2.55 |
| ● |
| 相关链接 |
|
|
|
|
正题名:运筹学应用案例集
索取号:F224.3/98
 
预约/预借
| 序号 | 登录号 | 条形码 | 馆藏地/架位号 | 状态 | 备注 |
| 1 | 0238497 | 000206039 | 第一借阅区/ [索取号:F224.3/98] | 在馆 | |
| 2 | 0238498 | 000206057 | 第一借阅区/ [索取号:F224.3/98] | 在馆 | |
| 3 | 0238499 | 000206048 | 密集书库/ [索取号:F224.3/98] | 在馆 | |
| 4 | 0238500 | 000206020 | 密集书库/ [索取号:F224.3/98] | 在馆 | |
| 5 | 0238501 | 000206066 | 第一样本阅览室/ [索取号:F224.3/98] | 在馆 |